| 000 | 00892cam a2200289u 4500 | ||
|---|---|---|---|
| 001 | 37045 | ||
| 003 | BJBSDDR | ||
| 005 | 20250812130757.0 | ||
| 006 | a|||||r|||| 00| 0 | ||
| 007 | ta | ||
| 008 | 821214m19739999mx a 000 0 spa | ||
| 010 | _a 74203103 | ||
| 035 | _a9944572 | ||
| 040 |
_aDLC _cCarP _dDLC _bspa |
||
| 041 | _aspa | ||
| 043 | _anwcu--- | ||
| 050 | 1 | 4 |
_a107 F 1787.5 _bB333d 1973 |
| 100 | 1 |
_aBatista y Zaldívar, Fulgencio, _d1901-1973 _929292 |
|
| 245 | 1 | 0 |
_aDos fechas (aniversarios y testimonios) / _bFulgencio Batista. |
| 246 | 1 | 4 |
_aDos fechas : _baniversarios y testimonios : 1933-1944 |
| 250 | _a[1. ed.] | ||
| 260 |
_aMéxico, D.F : _bEdiciones Botas, _c1973- |
||
| 300 |
_aVolumen <1> : _bilustraciones ; _c23 cm. |
||
| 651 | 0 |
_aCuba _xPolitics and government _y1933-1959. |
|
| 651 | 4 |
_aCuba _xPolítica y gobierno _y1933-1959 _944175 |
|
| 942 |
_2lcc _cBK |
||
| 999 |
_c9429 _d9429 |
||